000 01013cam a2200253 a 4500
001 000005748
005 20200929151752.0
008 811002s1972 uy b f000 0 spa
010 _a81184328
040 _aDO-SdBNP
_cDLC
_dDLC
_dOCoLC
082 _a330
_bB352e
100 1 _aBauza, Francisco,
_d1849-1899.
_916267
245 1 0 _aEstudios sociales y económicos /
_cFrancisco Bauza ; prólogo de Juan E. Pivel Devoto.
260 _aMontevideo :
_bMinisterio de Educación y Cultura,
_c1972.
300 _a2 v. ;
_c20 cm.
440 0 _aBiblioteca Artigas
_pClasicos uruguayos ;
_vv. 140-141
_916268
504 _aIncluye referencia bibliográfica
505 0 _at. 1. Selección de discursos -- t. 2. Estudios sociales y económicos.
650 4 _aEconomía
_xAspectos sociológicos
_916269
651 4 _aUruguay
_4CONDICIONES ECONÓMICAS
_916270
700 1 _aPivel Devoto, Juan E.,
_epról.
_916271
830 0 _aBiblioteca Artigas
_pClasicos uruguayos ;
_vv. 140-141
_916268
910 _aCatalogación por copia / LC
999 _c5544
_d5544